000 00454nam a2200181Ia 4500
005 20240823030326.0
008 240823s9999||||xx |||||||||||||| ||und||
041 _aENGLISH
082 _A004.165 N3
100 _aBansal V K
245 0 _aDesign of Microprocessor based System
250 _a1st
260 _c1993
_b"Wiley Eastern,New Delhi"
500 _aTRANSFERED
650 _aMicroprocesser
_bComputer Science
942 _cBK
999 _c188428
_d188428